| 000 | 00595nam a2200217Ia 4500 | ||
|---|---|---|---|
| 005 | 20250508160524.0 | ||
| 008 | 008 250505s9999 xx 000 0 eng d | ||
| 037 | _aTextual | ||
| 040 |
_aFEDL _beng _cFEDL |
||
| 041 |
_aeng _2eng |
||
| 084 |
_a001.422, SNE _qFEDL |
||
| 100 | _aCochran William G | ||
| 245 | 0 | _aStatistical Methods | |
| 250 | _a6 | ||
| 260 |
_aCalcutta, India _bOxford and IBH Publishing Co. _c1937 |
||
| 300 | _axiii,593p. | ||
| 365 |
_aINR _b130 |
||
| 650 |
_aStatistics Methods _9756281 |
||
| 942 |
_cTEXL _h001.422, SNE |
||
| 999 |
_c1365135 _d1365135 |
||